Normal view
MARC view
Entry Topical Term
001 - CONTROL NUMBER
- control field: 8418
003 - CONTROL NUMBER IDENTIFIER
- control field: PK-LaUMT
005 - DATE AND TIME OF LATEST TRANSACTION
- control field: 20251215112834.0
008 - FIXED-LENGTH DATA ELEMENTS
- fixed length control field: 251215|| aca||aabn | a|a d
040 ## - CATALOGING SOURCE
- Original cataloging agency: PK-LaUMT
- Transcribing agency: PK-LaUMT
150 ## - HEADING--TOPICAL TERM
- Topical term or geographic name as entry element: Emulsions
670 ## - SOURCE DATA FOUND
- Source citation: Work cat.: (PK-LaUMT)139374: Iqra Nasim 8417, formulation and characterization of water-in-oil-in-water emulsions encapsulating concentrated beetroot extracts using whey protein isolates [MS Food Quality Management] /, 2023
